Nucleus economics terminology : (Record no. 95328)
[ view plain ]
| 000 -LEADER | |
|---|---|
| fixed length control field | 00652nam a22001937a 4500 |
| 005 - DATE AND TIME OF LATEST TRANSACTION | |
| control field | 20151103101935.0 |
| 010 ## - LCCN (DPL NO) | |
| LC control number | ENG-113727 |
| 020 ## - INTERNATIONAL STANDARD BOOK NUMBER | |
| International Standard Book Number | 9789383946099 |
| Terms of availability | 285.00 |
| 035 ## - SYSTEM CONTROL NUMBER | |
| System control number | EN- 97259 |
| 037 ## - SOURCE OF ACQUISITION | |
| Source of stock number/acquisition | DBAD/PUB |
| 082 ## - DEWEY DECIMAL CLASSIFICATION NUMBER | |
| Classification number | 330.03 |
| 245 ## - TITLE STATEMENT | |
| Title | Nucleus economics terminology : |
| Statement of responsibility, etc | edited & compiled by R.M. Rai [and] Rachna Shukla |
| Remainder of title | enhance your subjective word power / |
| 260 ## - PUBLICATION, DISTRIBUTION, ETC. (IMPRINT) | |
| Place of publication, distribution, etc | Greater Noida |
| Name of publisher, distributor, etc | Nucieus Books & Encyclopedia |
| Date of publication, distribution, etc | 2015 |
| 270 ## - ADDRESS | |
| Address | Office Add. 2nd Floor, B-31, Packet P3 |
| City | Greater Noida |
| Postal code | 201308 |
| 300 ## - PHYSICAL DESCRIPTION | |
| Extent | 232p. |
| Dimensions | 21cm(pbk) |
| 700 ## - ADDED ENTRY--PERSONAL NAME | |
| Personal name | Rai, R.M. |
| 700 ## - ADDED ENTRY--PERSONAL NAME | |
| Personal name | Shukla, Rachna |
| 942 ## - ADDED ENTRY ELEMENTS (KOHA) | |
| Source of classification or shelving scheme | Dewey Decimal Classification |
| Item type | English Books |
| Call number suffix | NUC |
| Classification part | 330.03 |
| Withdrawn status | Lost status | Not for loan | Collection code | Home library | Current library | Date acquired | Source of acquisition | Cost, normal purchase price | Full call number | Barcode | Copy number | Cost, replacement price | Koha item type |
|---|---|---|---|---|---|---|---|---|---|---|---|---|---|
| Not For Loan | Non-fiction | D.B.Act.Division | D.B.Act.Division | 29/07/2015 | DBAD/PUB | 285.00 | 330.03 NUC | EN-97259 | 1 | 285.00 | English Books |
